[Event "AZE-ch (Women)"]
[Site "Baku"]
[Date "2024.02.17"]
[Round "7"]
[White "Hasanova, Turkan"]
[Black "Nuriyeva, Nurtan"]
[Result "1-0"]
[WhiteElo "2000"]
[BlackElo "1827"]
[PlyCount "97"]
[EventDate "2024.02.11"]
[EventType "swiss"]
[EventRounds "7"]
[EventCountry "AZE"]
[SourceTitle "CB09_2024"]
[SourceDate "2024.02.28"]
[SourceVersion "1"]
[SourceVersionDate "2024.02.28"]
[SourceQuality "1"]

1. d4 d5 2. Bf4 Nf6 3. e3 e6 4. Nf3 a6 5. Bd3 c5 6. c3 Nc6 7. Nbd2 Bd6 8. Ne5 0-0 9. h4 Qc7 10. Ndf3 Ne4 11. Qb1 f5 12. Qc1 c4 13. Bc2 b5 14. a3 a5 15. Rg1 Bxe5 16. Nxe5 Nxe5 17. Bxe5 Qe7 18. g3 Bb7 19. f3 Nf6 20. Qd2 Bc6 21. Qh2 b4 22. g4 Ne8 23. gxf5 exf5 24. h5 Rf7 25. Kd2 b3 26. Bd1 Bd7 27. f4 Nf6 28. Bf3 Ne4+ 29. Bxe4 fxe4 30. Rg3 Bf5 31. Rag1 Ra7 32. Rxg7+ Rxg7 33. Rxg7+ Qxg7 34. Bxg7 Rxg7 35. h6 Rg6 36. Qh5 Be6 37. f5 Rg2+ 38. Ke1 Bf7 39. Qh4 Be8 40. Qd8 Kf7 41. Qxd5+ Kf8 42. Qd6+ Kf7 43. f6 Rxb2 44. Qe7+ Kg6 45. Qxe8+ Kxf6 46. Qc6+ Kg5 47. Qxc4 Kxh6 48. d5 Kg7 49. d6 1-0